|
|
|
|
| LEADER |
01810nam a22004094a 4500 |
| 001 |
EBC3052077 |
| 003 |
MiAaPQ |
| 005 |
20200520144314.0 |
| 006 |
m o d | |
| 007 |
cr cn||||||||| |
| 008 |
021115s2003 nyua sb 001 0 eng |
| 010 |
|
|
|z 2002154174
|
| 020 |
|
|
|z 0195149238 (acid-free paper)
|
| 035 |
|
|
|a (MiAaPQ)EBC3052077
|
| 035 |
|
|
|a (Au-PeEL)EBL3052077
|
| 035 |
|
|
|a (CaPaEBR)ebr10142415
|
| 035 |
|
|
|a (CaONFJC)MIL48197
|
| 035 |
|
|
|a (OCoLC)922952759
|
| 040 |
|
|
|a MiAaPQ
|c MiAaPQ
|d MiAaPQ
|
| 050 |
|
4 |
|a HG4523
|b .Y34 2003
|
| 082 |
0 |
4 |
|a 332.63/234
|2 21
|
| 100 |
1 |
|
|a Yago, Glenn.
|
| 245 |
1 |
0 |
|a Beyond junk bonds
|h [electronic resource] :
|b expanding high yield markets /
|c Glenn Yago, Susanne Trimbath.
|
| 246 |
3 |
0 |
|a Junk bonds
|
| 260 |
|
|
|a New York :
|b Oxford University Press,
|c 2003.
|
| 300 |
|
|
|a x, 301 p. :
|b ill.
|
| 504 |
|
|
|a Includes bibliographical references (p. 281-294) and index.
|
| 505 |
0 |
|
|a Where do we go from here? -- Junk bonds then and now -- Regulatory chokeholds on economic growth -- The end of the beginning -- Participants in the recovery -- New high yield markets -- Extended markets and innovative extensions -- Why capital structure matters : the corporate finance revolution -- The 1980s users' performance in the 1990s -- Industrial restructuring -- Financing the future.
|
| 533 |
|
|
|a Electronic reproduction. Ann Arbor, MI : ProQuest, 2015. Available via World Wide Web. Access may be limited to ProQuest affiliated libraries.
|
| 650 |
|
0 |
|a Capital market.
|
| 650 |
|
0 |
|a Finance.
|
| 650 |
|
0 |
|a Securities.
|
| 650 |
|
0 |
|a Economic development.
|
| 655 |
|
4 |
|a Electronic books.
|
| 700 |
1 |
|
|a Trimbath, Susanne.
|
| 710 |
2 |
|
|a ProQuest (Firm)
|
| 856 |
4 |
0 |
|u https://ebookcentral.proquest.com/lib/matrademy/detail.action?docID=3052077
|z Click to View
|